En una silla de ruedas

Saved in:
Bibliographic Details
Main Author: Lyra, Carmen
Format: Book
Language:Undetermined
Published: San José, Costa Rica Editorial Guayacán Centroamericana 1998
Subjects:
Tags: Add Tag
No Tags, Be the first to tag this record!

MARC

LEADER 00000nam a2200000Ia 4500
008 170316s9999 xx 000 0 und d
040 |a cru BVZT 
090 |a 868 L-10e 
100 |a Lyra, Carmen 
245 |a En una silla de ruedas 
260 |a San José, Costa Rica 
260 |b Editorial Guayacán Centroamericana 
260 |c 1998 
300 |a 140 páginas 
650 |a LITERATURA COSTARRICENSE 
650 |a NOVELA 
999 |c 11247  |d 11247 
942 |c 15 D  |h 868 L-10e  |2 z